00707 a2200193 4500003000500000005001700005010001700022020002800039040000900067082001400076100001900090245005600109250001200165260004700177300004000224505020500264650002000469650002400489Nust20221013133431.0 a 2002066697 a1405105887 (alk. paper) cNust00a552.1,BES1 aBest, Myron G.10aIgneous and metamorphic petrology /cMyron G. Best. a2nd ed. aMalden, MA :bBlackwell Publishers,c2003. axxi, 630 p. :bill., maps ;c28 cm. aPart-1: Magmatic Rock Bodies (Page-33), Part-2: Magmatic Systems (Page-223), Part-3: Metamorphic and Systems (Page-341), Part-4: The Early History of the Earth and other Planetary Bodies (Page-529).  0aRocks, Igneous. 0aRocks, Metamorphic.